| 000 | nam a22 7a 4500 | ||
|---|---|---|---|
| 999 |
_c89725 _d89725 |
||
| 005 | 20190502091632.0 | ||
| 008 | 190502b sp ||||| |||| 00| 0 spa d | ||
| 020 | _a8423126854 [V:6] | ||
| 020 | _a8423128846 [V:30] | ||
| 050 | 0 | 4 |
_aML2110 _bI587 1981 |
| 245 | 0 | 0 |
_aIntroducción al mundo de la ópera _c / libreto de Giuseppe Giacosa...[et al.] ; traducción Roger Alier...[et al.] |
| 250 | _a2a ed. | ||
| 260 |
_aBarcelona, España : _bEdiciones Daimon, _c1981 |
||
| 300 |
_av : _bil. ; _c18 cm. |
||
| 490 | 0 | _aIntroducción al Mundo de la Ópera | |
| 500 | _aIncluye glosario | ||
| 505 | 1 |
_t[V:6] La Boheme _r / libreto Giuseppe Giacosa y Luigi Illica ; traducción Roger Alier. _t[V:30] Tosca _r / libreto Giuseppe Giacosa y Luigi Illica ; traducción Roger Alier. |
|
| 650 | 7 |
_2lemb _aÓpera _vAntologías |
|
| 700 | 1 |
_aGiacosa, Giuseppe _elibretista |
|
| 700 | 1 |
_aIllica, Luigi _elibretista |
|
| 700 | 1 |
_aAlier, Roger _etraductor |
|
| 942 |
_2lcc _cLIB |
||